[Event "Cracovia 2010"]
[Site "Krakow"]
[Date "2010.12.31"]
[Round "5.27"]
[White "Gorbatenko, Kateryna"]
[Black "Rawicz, Karol"]
[Result "0-1"]
[WhiteElo "2138"]
[BlackElo "2300"]
[PlyCount "132"]
[EventDate "2010.??.??"]

1. d4 Nf6 2. c4 d6 3. Nf3 g6 4. Nc3 Bg7 5. e4 O-O 6. Be2 c5 7. h3 cxd4 8. Nxd4
Nc6 9. Be3 Bd7 10. Qd2 Nxd4 11. Bxd4 Bc6 12. f3 a5 13. O-O a4 14. Rad1 Qa5 15.
Rfe1 Rfc8 16. Bf1 Nd7 17. Nd5 Bxd5 18. exd5 Qxd2 19. Rxd2 Bxd4+ 20. Rxd4 Kf8
21. Rde4 Re8 22. f4 Nc5 23. R4e3 Ra6 24. b4 axb3 25. axb3 Rb6 26. Rb1 Rb4 27.
Bd3 Ra8 28. f5 g5 29. f6 exf6 30. Bxh7 Ra2 31. Bf5 Ra8 32. Rf3 Re8 33. Bg4 Kg7
34. Rbf1 Ne4 35. Re1 Re5 36. Re2 Nc5 37. Ref2 Ne4 38. Re2 b5 39. Rc2 bxc4 40.
bxc4 Kg6 41. Bd7 f5 42. g4 f4 43. h4 Rb1+ 44. Kg2 Ng3 45. hxg5 Kxg5 46. c5 dxc5
47. d6 Rd1 48. Rfc3 Ne4 49. Rh3 Nf6 50. Bf5 Rxd6 51. Rhc3 Nxg4 52. Bxg4 Kxg4
53. Rxc5 Rxc5 54. Rxc5 Rd2+ 55. Kf1 Rd1+ 56. Kf2 Rd2+ 57. Kf1 Kg3 58. Rf5 Rd7
59. Ke2 Re7+ 60. Kf1 Ra7 61. Rf6 Kf3 62. Kg1 Kg3 63. Kf1 f3 64. Ke1 Ra1+ 65.
Kd2 f2 66. Ke2 Re1+ 0-1

[Event "Cracovia 2010"]
[Site "Krakow"]
[Date "2010.12.31"]
[Round "5.29"]
[White "Jakubiec, Edyta"]
[Black "Siwiec, Arkadiusz"]
[Result "1/2-1/2"]
[WhiteElo "2189"]
[BlackElo "2105"]
[PlyCount "114"]
[EventDate "2010.??.??"]

1. c4 e5 2. Nc3 Nf6 3. g3 d5 4. cxd5 Nxd5 5. Bg2 Ne7 6. Nf3 Nbc6 7. O-O g6 8.
b4 Bg7 9. Rb1 O-O 10. d3 a6 11. a4 Rb8 12. b5 axb5 13. axb5 Nd4 14. Nd2 b6 15.
e3 Ne6 16. Qc2 Bb7 17. Nf3 Qd7 18. Rd1 c5 19. bxc6 Bxc6 20. Bb2 Qb7 21. Ne4 f6
22. Ba3 Bd5 23. Nd6 Qa8 24. Nb5 Bxf3 25. Bxf3 Qxf3 26. Bxe7 Rfe8 27. Bd6 Rbc8
28. Nc7 Nxc7 29. Bxc7 Kh8 30. Rdc1 h5 31. Qa4 e4 32. dxe4 Qxe4 33. Qxe4 Rxe4
34. Bxb6 Rxc1+ 35. Rxc1 h4 36. Kg2 hxg3 37. hxg3 Ra4 38. Rc8+ Kh7 39. Rc7 Kh6
40. Bd4 g5 41. Kf3 Kg6 42. Rc6 Ra2 43. Rb6 g4+ 44. Kxg4 Rxf2 45. e4 Rd2 46.
Bxf6 Bxf6 47. e5 Rd4+ 48. Kf3 Kf5 49. exf6 Kg6 50. Kg2 Ra4 51. Kh3 Rc4 52. g4
Rf4 53. Kh4 Rf1 54. Ra6 Rh1+ 55. Kg3 Rf1 56. Rb6 Rxf6 57. Rxf6+ Kxf6 1/2-1/2

[Event "Cracovia 2010"]
[Site "Krakow"]
[Date "2010.12.31"]
[Round "5.30"]
[White "Janus, Przemyslaw"]
[Black "Kumor, Lukasz"]
[Result "1-0"]
[WhiteElo "2126"]
[BlackElo "2178"]
[PlyCount "193"]
[EventDate "2010.??.??"]

1. d4 d5 2. c4 c6 3. Nf3 Nf6 4. Qc2 dxc4 5. Qxc4 Bf5 6. g3 Nbd7 7. Bg2 e6 8.
O-O Be7 9. Nc3 O-O 10. Qb3 Qb6 11. Qxb6 Nxb6 12. Bg5 h6 13. Bxf6 Bxf6 14. Rac1
Rfd8 15. Rfd1 a5 16. e3 a4 17. Nb1 Ra5 18. Na3 Be4 19. Nd2 Bd5 20. Bxd5 exd5
21. Rc2 Kf8 22. Nf3 Re8 23. Ne1 Rea8 24. Nd3 Nd7 25. Rdc1 Be7 26. Nb1 Ke8 27.
Kf1 Nb6 28. Nd2 Bd6 29. Nc5 Bxc5 30. Rxc5 Nd7 31. Rxa5 Rxa5 32. Ke2 Ke7 33. Rc2
Kd6 34. Nf3 b6 35. Ne1 Ra8 36. Nd3 c5 37. dxc5+ bxc5 38. Kd2 Rb8 39. Kc1 Rb5
40. Kd2 c4 41. Nc1 Nc5 42. f3 Ke5 43. Ke2 f5 44. Kd2 g5 45. Ne2 Nd3 46. f4+
gxf4 47. gxf4+ Kf6 48. Nc3 Ra5 49. a3 Ke6 50. Ne2 Ra8 51. Kc3 Rg8 52. Nd4+ Kf6
53. Nf3 Rb8 54. Nd4 Re8 55. Re2 h5 56. h4 Re4 57. Kc2 Nxf4 58. Rf2 Ne6 59.
Rxf5+ Ke7 60. Rxd5 Kf7 61. Nxe6 Kxe6 62. Rxh5 Rxe3 63. Ra5 Rh3 64. h5 Kd6 65.
Rxa4 Kc5 66. Ra5+ Kb6 67. Rg5 Kc6 68. h6 Rxh6 69. Kc3 Rh4 70. Kb4 Rh2 71. Kc3
Rh4 72. a4 Kb6 73. Rd5 Rh2 74. Rb5+ Ka6 75. Kxc4 Rh4+ 76. Kb3 Rh3+ 77. Kb4 Rh4+
78. Ka3 Rh3+ 79. Rb3 Rh1 80. Rg3 Ra1+ 81. Kb4 Rb1 82. b3 Ra1 83. Rg6+ Ka7 84.
Ka5 Rf1 85. Rg7+ Kb8 86. b4 Rf5+ 87. b5 Rh5 88. Ka6 Rh6+ 89. b6 Rh8 90. a5 Rf8
91. Rg6 Re8 92. Kb5 Rf8 93. a6 Re8 94. a7+ Kb7 95. Rg7+ Ka8 96. Ka6 Re7 97.
Rg8+ 1-0

[Event "Cracovia 2010"]
[Site "Krakow"]
[Date "2010.12.31"]
[Round "5.31"]
[White "Szuper, Paul"]
[Black "Polok, Kacper"]
[Result "1-0"]
[WhiteElo "2174"]
[BlackElo "2089"]
[PlyCount "77"]
[EventDate "2010.??.??"]

1. d4 Nf6 2. Nf3 e6 3. c4 Bb4+ 4. Nbd2 d5 5. g3 O-O 6. Bg2 b6 7. O-O Bb7 8. Qc2
Nbd7 9. a3 Be7 10. Rd1 Rc8 11. b4 c5 12. dxc5 bxc5 13. b5 d4 14. a4 Qc7 15. a5
Ne8 16. Nb3 Nd6 17. Ng5 g6 18. Bxb7 Qxb7 19. h4 Ne5 20. a6 Qa8 21. Na5 d3 22.
Rxd3 Nxd3 23. Qxd3 Bf6 24. Rb1 h6 25. Nxe6 fxe6 26. Qxd6 Qe4 27. Qd3 Qg4 28.
Bxh6 Rf7 29. Qf3 Qh3 30. Qe4 Kh7 31. Be3 Bd4 32. Bxd4 cxd4 33. h5 Qxh5 34. Kg2
Rcf8 35. f3 Qc5 36. Rh1+ Kg7 37. Nc6 Rf5 38. Nxd4 Re5 39. Nxe6+ 1-0

[Event "Cracovia 2010"]
[Site "Krakow"]
[Date "2010.12.31"]
[Round "5.32"]
[White "Gawronski, Lukasz"]
[Black "Mucha, Roman"]
[Result "0-1"]
[WhiteElo "2043"]
[BlackElo "2166"]
[PlyCount "58"]
[EventDate "2010.??.??"]

1. d4 d6 2. e4 Nf6 3. f3 g6 4. Be3 Bg7 5. Qd2 c6 6. Bd3 Nbd7 7. Ne2 O-O 8. Bh6
e5 9. Bxg7 Kxg7 10. c3 d5 11. exd5 Nxd5 12. O-O Qf6 13. f4 exd4 14. Nxd4 Re8
15. f5 Qe5 16. fxg6 hxg6 17. Na3 Rh8 18. Nf3 Qc7 19. Nc4 b5 20. Ne3 Ne5 21.
Nxd5 Nxf3+ 22. gxf3 cxd5 23. Bxb5 Qb6+ 24. Qd4+ Qxd4+ 25. cxd4 Rb8 26. Ba4 Rxb2
27. Bb3 Rhxh2 28. Rfc1 Rhg2+ 29. Kf1 Ba6+ 0-1

[Event "Cracovia 2010"]
[Site "Krakow"]
[Date "2010.12.31"]
[Round "5.33"]
[White "Macka, Oto"]
[Black "Jacko-jun., Vladimir"]
[Result "0-1"]
[WhiteElo "2025"]
[BlackElo "2163"]
[PlyCount "50"]
[EventDate "2010.??.??"]

1. e4 c5 2. Nf3 g6 3. d4 cxd4 4. Nxd4 Bg7 5. Nc3 Nc6 6. Nxc6 bxc6 7. Bc4 d6 8.
O-O Nf6 9. Bb3 O-O 10. h3 Bb7 11. Be3 Qc7 12. Qf3 e6 13. Bd4 e5 14. Be3 Rfd8
15. Rad1 Qe7 16. Rd2 h6 17. Qd1 Kh7 18. Re1 Nh5 19. f3 f5 20. f4 exf4 21. Bd4
Qg5 22. exf5 gxf5 23. Bxg7 Nxg7 24. Rxd6 f3 25. Rd2 Rxd2 0-1

[Event "Cracovia 2010"]
[Site "Krakow"]
[Date "2010.12.31"]
[Round "5.34"]
[White "Koykka, Pekka"]
[Black "Stanach, Fabian"]
[Result "1/2-1/2"]
[WhiteElo "2142"]
[BlackElo "2080"]
[PlyCount "78"]
[EventDate "2010.??.??"]

1. e4 c5 2. Nf3 g6 3. d4 cxd4 4. Nxd4 Bg7 5. c4 Nc6 6. Nc2 d6 7. Be2 Be6 8. O-O
Rc8 9. Ne3 Nf6 10. Nc3 O-O 11. Ned5 Ne5 12. Qb3 Bxd5 13. cxd5 Qb6 14. Be3 Qxb3
15. axb3 a6 16. f3 Ned7 17. Ra3 Rc7 18. b4 Rfc8 19. Rfa1 Ne8 20. b5 Bxc3 21.
bxc3 Rxc3 22. bxa6 bxa6 23. Bxa6 Rxa3 24. Rxa3 Ra8 25. Ra2 Nc7 26. Bc4 Rxa2 27.
Bxa2 Na6 28. Bc4 Nac5 29. Bb5 f6 30. Bd4 Kf7 31. Kf2 f5 32. Ke3 fxe4 33. fxe4
Ne5 34. Be2 g5 35. g3 Kf6 36. h4 h6 37. Bf1 Nb3 38. Bc3 Nc5 39. Bd4 Nb3 1/2-1/2

[Event "Cracovia 2010"]
[Site "Krakow"]
[Date "2010.12.31"]
[Round "5.35"]
[White "Adamowicz, Katarzyna"]
[Black "Chrzaszcz, Malvina"]
[Result "1/2-1/2"]
[WhiteElo "2139"]
[BlackElo "2054"]
[PlyCount "71"]
[EventDate "2010.??.??"]

1. e4 c5 2. Nf3 d6 3. d4 cxd4 4. Nxd4 Nf6 5. Nc3 a6 6. Be3 e5 7. Nf3 Qc7 8. a4
h6 9. Be2 Be6 10. O-O Be7 11. Nd2 Nbd7 12. a5 O-O 13. Bf3 b5 14. Nd5 Nxd5 15.
exd5 Bf5 16. c3 Bd3 17. Be2 Bxe2 18. Qxe2 Qb7 19. Rad1 f5 20. Nb3 Nf6 21. Qd3
f4 22. Bc1 Rac8 23. f3 Bd8 24. Kh1 Rf7 25. g3 fxg3 26. hxg3 Nh7 27. Kg2 Qd7 28.
Rh1 Ng5 29. Rdf1 Qf5 30. Qxf5 Rxf5 31. Be3 Nf7 32. g4 Rf6 33. Ra1 Rg6 34. Kf2
Bg5 35. Rad1 Rf6 36. Nd2 1/2-1/2

[Event "Cracovia 2010"]
[Site "Krakow"]
[Date "2010.12.31"]
[Round "5.36"]
[White "Swiech, Przemyslaw"]
[Black "Zadlo, Tomasz"]
[Result "1-0"]
[WhiteElo "2207"]
[BlackElo "2081"]
[PlyCount "52"]
[EventDate "2010.??.??"]

1. d4 d5 2. c4 c6 3. Nc3 Nf6 4. Nf3 e6 5. Bg5 h6 6. Bh4 dxc4 7. e4 g5 8. Bg3 b5
9. Be2 Bb7 10. O-O g4 11. Ne5 h5 12. Bh4 Be7 13. f3 Nbd7 14. fxg4 Nxe5 15. dxe5
Qxd1 16. Nxd1 Nxg4 17. Bxe7 Kxe7 18. Bxg4 hxg4 19. Ne3 Rad8 20. Nxg4 Rhg8 21.
Rf4 Rd2 22. Raf1 Rg7 23. h4 Rd8 24. Nf6 Rh8 25. Rd1 Rd8 26. Rxd8 Kxd8 1-0

[Event "Cracovia 2010"]
[Site "Krakow"]
[Date "2010.12.31"]
[Round "5.37"]
[White "Wisniowska, Klaudia"]
[Black "Wiewiora, Eneasz"]
[Result "1/2-1/2"]
[WhiteElo "2011"]
[BlackElo "2118"]
[PlyCount "76"]
[EventDate "2010.??.??"]

1. e4 c6 2. d4 d5 3. Nc3 dxe4 4. Nxe4 Nf6 5. Nxf6+ gxf6 6. c3 Bf5 7. Nf3 Qc7 8.
g3 Nd7 9. Bg2 Bg7 10. O-O O-O 11. h4 Kh8 12. h5 h6 13. Nh4 Bh7 14. Qf3 Rg8 15.
Nf5 Bxf5 16. Qxf5 e6 17. Qf3 Bf8 18. Be3 f5 19. c4 Nf6 20. Rac1 Qa5 21. a3 Rd8
22. Rfd1 Bg7 23. Rd3 Ng4 24. b4 Qc7 25. Bf4 Qd7 26. Rcd1 b5 27. cxb5 cxb5 28.
Qc6 Nf6 29. Be5 Nd5 30. Bxg7+ Kxg7 31. Qxd7 Rxd7 32. Rc1 Rgd8 33. Rc5 a6 34.
Rc6 Ra7 35. Rc5 Rad7 36. Rc6 Ra7 37. Rc5 Rad7 38. Rc6 Ra7 1/2-1/2

[Event "Cracovia 2010"]
[Site "Krakow"]
[Date "2010.12.31"]
[Round "5.38"]
[White "Pirverdiyev, Aqil Kamran Oglu"]
[Black "Janik, Andrzej"]
[Result "1/2-1/2"]
[WhiteElo "2116"]
[BlackElo "1918"]
[PlyCount "56"]
[EventDate "2010.??.??"]

1. e4 c6 2. d4 d5 3. Nc3 dxe4 4. Nxe4 Nf6 5. Nxf6+ exf6 6. Bc4 Bd6 7. Ne2 Qc7
8. Ng3 Qe7+ 9. Ne2 Bxh2 10. Bxf7+ Qxf7 11. Rxh2 Bf5 12. b3 Na6 13. Ba3 Qc7 14.
Ng3 O-O-O 15. Kf1 Bg6 16. Rh4 Rhe8 17. Qd2 Qd7 18. c4 Nc7 19. Rd1 Kb8 20. Qc3
Qf7 21. Bc1 Rd7 22. a4 Red8 23. a5 c5 24. b4 cxd4 25. Rhxd4 Kc8 26. Kg1 Rxd4
27. Rxd4 Rxd4 28. Qxd4 Qd7 1/2-1/2

[Event "Cracovia 2010"]
[Site "Krakow"]
[Date "2010.12.31"]
[Round "5.39"]
[White "Karagiannis, Dimitrios"]
[Black "Sadikhov, Ulvi Ramil Oglu"]
[Result "0-1"]
[WhiteElo "1873"]
[BlackElo "2115"]
[PlyCount "67"]
[EventDate "2010.??.??"]

1. d4 Nf6 2. Nf3 g6 3. c3 Bg7 4. Bf4 O-O 5. h3 d6 6. e3 Nbd7 7. Bd3 c5 8. Nbd2
b6 9. Qe2 Bb7 10. Bh2 Ne8 11. e4 Nc7 12. O-O-O a5 13. e5 d5 14. h4 Ne6 15. Ng5
Nxg5 16. hxg5 e6 17. f4 c4 18. Bc2 b5 19. g4 Re8 20. Rdf1 Nf8 21. f5 exf5 22.
gxf5 gxf5 23. Bxf5 Bc8 24. Bc2 Bh3 25. Rf2 Qd7 26. Bf4 Bf5 27. Be3 Bxc2 28.
Kxc2 b4 29. Nb1 Rab8 30. Qf3 b3+ 31. axb3 Rxb3 32. g6 fxg6 33. Bg5 Ne6 34. Qh3
0-1

[Event "Cracovia 2010"]
[Site "Krakow"]
[Date "2010.12.31"]
[Round "5.40"]
[White "Izzat, Kanan Azar Oglu"]
[Black "Mucha, Magdalena"]
[Result "1-0"]
[WhiteElo "2112"]
[BlackElo "1846"]
[PlyCount "83"]
[EventDate "2010.??.??"]

1. e4 c5 2. Nf3 Nc6 3. d4 cxd4 4. Nxd4 e5 5. Nb5 d6 6. N1c3 a6 7. Na3 b5 8. Nd5
Nf6 9. Bg5 Be7 10. Bxf6 Bxf6 11. c4 b4 12. Nc2 a5 13. g3 O-O 14. Bg2 g6 15. O-O
Bg7 16. Qd2 Be6 17. Rad1 Qb8 18. b3 Rd8 19. Kh1 Bxd5 20. Qxd5 Qc7 21. Qd2 Qb6
22. Ne3 Qc5 23. f4 Ne7 24. Qe2 f6 25. Bh3 Kh8 26. Be6 Rf8 27. f5 g5 28. Rd3
Rad8 29. Rg1 Nc6 30. Qh5 Nd4 31. Bf7 Qa7 32. Bg6 h6 33. h4 Kg8 34. Rg2 Qb7 35.
Nd5 Qa7 36. Rh2 Qb7 37. Rd1 Qa7 38. hxg5 fxg5 39. Rf1 Bf6 40. Qxh6 Qg7 41.
Nxf6+ Rxf6 42. Qxg5 1-0

[Event "Cracovia 2010"]
[Site "Krakow"]
[Date "2010.12.31"]
[Round "5.41"]
[White "Sandor, Lukas"]
[Black "Lohou, Stephane"]
[Result "0-1"]
[WhiteElo "1881"]
[BlackElo "2165"]
[PlyCount "60"]
[EventDate "2010.??.??"]

1. e4 c5 2. Nf3 e6 3. d4 cxd4 4. Nxd4 a6 5. Bd3 Bc5 6. Nb3 Ba7 7. O-O d6 8. Kh1
Nf6 9. f4 Nbd7 10. Nc3 Qc7 11. Qe2 O-O 12. Bd2 Re8 13. Rae1 e5 14. f5 b5 15. a3
Bb7 16. Rf3 d5 17. Bg5 Rac8 18. Nd2 Bd4 19. Rg3 Bxc3 20. bxc3 dxe4 21. Nxe4
Nxe4 22. Bxe4 f6 23. Bh6 Re7 24. Rd1 Nc5 25. Bd5+ Bxd5 26. Rxd5 Na4 27. Rdd3
Nb2 28. Rdf3 Rd8 29. h3 e4 30. Rf4 Kh8 0-1

[Event "Cracovia 2010"]
[Site "Krakow"]
[Date "2010.12.31"]
[Round "5.42"]
[White "Jacko, Vladimir"]
[Black "Jablonska, Sabina"]
[Result "0-1"]
[WhiteElo "2068"]
[BlackElo "1903"]
[PlyCount "122"]
[EventDate "2010.??.??"]

1. e4 c5 2. Nf3 d6 3. d4 cxd4 4. c3 dxc3 5. Nxc3 Nc6 6. Bc4 e6 7. O-O Be7 8.
Qe2 a6 9. Rd1 Qc7 10. Be3 Nf6 11. Rac1 O-O 12. h3 Bd7 13. Bf4 Rfd8 14. e5 dxe5
15. Nxe5 Nxe5 16. Bxe5 Qc8 17. Bd3 Bc6 18. Ne4 Nxe4 19. Bxe4 Rxd1+ 20. Qxd1 Qe8
21. Qg4 Bf8 22. Bxc6 bxc6 23. Qc4 c5 24. Rc3 Qb5 25. Qe4 Rd8 26. Rg3 g6 27. Rb3
Qd7 28. Rb7 Qd5 29. Qf4 f5 30. Ra7 Qxe5 31. Qxe5 Rd1+ 32. Kh2 Bd6 33. Ra8+ Kf7
34. Ra7+ Ke8 35. Qxd6 Rxd6 36. Rxh7 Rd2 37. Rb7 Rxf2 38. Kg3 Rd2 39. Kf3 e5 40.
g3 Rd3+ 41. Kf2 Rd7 42. Rb6 Kf7 43. Ke3 c4 44. h4 Rd3+ 45. Kf2 e4 46. Rxa6 Rd2+
47. Ke3 Rxb2 48. Rc6 Rxa2 49. Rxc4 Rg2 50. Kf4 Rf2+ 51. Ke5 Rf3 52. Rc7+ Ke8
53. g4 e3 54. Ke6 Kd8 55. Kd6 e2 56. Rd7+ Kc8 57. Re7 Rf2 58. h5 gxh5 59. gxf5
h4 60. f6 Rxf6+ 61. Kd5 Rf2 0-1

[Event "Cracovia 2010"]
[Site "Krakow"]
[Date "2010.12.31"]
[Round "5.43"]
[White "Motyl, Tomasz"]
[Black "Marczuk, Dominik"]
[Result "1-0"]
[WhiteElo "2035"]
[BlackElo "1908"]
[PlyCount "51"]
[EventDate "2010.??.??"]

1. e4 c5 2. c3 e5 3. Nf3 Nc6 4. Bc4 Be7 5. O-O Nf6 6. d4 cxd4 7. cxd4 exd4 8.
e5 Ng4 9. Bf4 d6 10. exd6 Bxd6 11. Re1+ Kf8 12. Bxd6+ Qxd6 13. Nc3 Qc5 14. Ne4
Qxc4 15. Nd6 Qe6 16. Rxe6 Bxe6 17. Nxb7 Rb8 18. Nxd4 Rxb7 19. Nxe6+ fxe6 20.
Qxg4 Rb6 21. Qxe6 Ne7 22. Qd7 Kf7 23. Re1 Re8 24. b3 Rc6 25. h3 Rc2 26. Rxe7+
1-0

[Event "Cracovia 2010"]
[Site "Krakow"]
[Date "2011.01.02"]
[Round "6.1"]
[White "Zubov, Alexander"]
[Black "Starostits, Ilmars"]
[Result "1-0"]
[WhiteElo "2574"]
[BlackElo "2488"]
[PlyCount "65"]
[EventDate "2011.??.??"]

1. d4 d5 2. c4 dxc4 3. e3 c5 4. Bxc4 cxd4 5. exd4 Nf6 6. Nf3 e6 7. O-O Be7 8.
Nc3 O-O 9. Bg5 a6 10. Bb3 b5 11. d5 b4 12. Na4 exd5 13. Nd4 Qd6 14. Re1 Bd8 15.
g3 Nc6 16. Bxf6 Bxf6 17. Nxc6 d4 18. Na5 d3 19. Qf3 Rb8 20. Rad1 Qc7 21. Nc6
Bb7 22. Bd5 Bxc6 23. Bxc6 Rbd8 24. Be4 d2 25. Re2 Qc1 26. Rexd2 Qxd2 27. Rxd2
Rxd2 28. Qf5 Rfd8 29. Qxh7+ Kf8 30. Qh8+ Ke7 31. Qh5 R8d6 32. Nc5 g5 33. Bd3
1-0

[Event "Cracovia 2010"]
[Site "Krakow"]
[Date "2011.01.02"]
[Round "6.2"]
[White "Sieciechowicz, Marcin"]
[Black "Sharapov, Evgeny"]
[Result "1/2-1/2"]
[WhiteElo "2446"]
[BlackElo "2468"]
[PlyCount "40"]
[EventDate "2011.??.??"]

1. d4 d5 2. c4 c6 3. Nf3 Nf6 4. e3 Bg4 5. Qb3 Qb6 6. Nc3 e6 7. Nh4 Bh5 8. h3
Be7 9. g4 Bg6 10. Nxg6 hxg6 11. Bg2 g5 12. Bd2 Nbd7 13. O-O-O O-O-O 14. Kb1
Qxb3 15. axb3 Nf8 16. Rhf1 Ng6 17. Bc1 Nh4 18. Bh1 Ng6 19. Bg2 Nh4 20. Bh1 Ng6
1/2-1/2

[Event "Cracovia 2010"]
[Site "Krakow"]
[Date "2011.01.02"]
[Round "6.3"]
[White "Mertanen, Janne"]
[Black "Gagarin, Vasilij"]
[Result "1-0"]
[WhiteElo "2318"]
[BlackElo "2435"]
[PlyCount "111"]
[EventDate "2011.??.??"]

1. d4 d5 2. c4 c6 3. Nf3 Nf6 4. e3 Bf5 5. Nc3 e6 6. Nh4 Bg6 7. Be2 Nbd7 8. Qb3
Qc7 9. g3 Nb6 10. cxd5 exd5 11. Nxg6 hxg6 12. Bd2 Be7 13. Rc1 Qd7 14. a4 Nc8
15. a5 Nd6 16. Qc2 g5 17. Bd3 a6 18. Na4 Nfe4 19. f3 Nxd2 20. Qxd2 Nc8 21. O-O
O-O 22. g4 Bd6 23. b4 Qe7 24. Nc5 Na7 25. Rce1 Nb5 26. Qf2 Rad8 27. Kg2 g6 28.
h3 Kg7 29. f4 Bxc5 30. bxc5 gxf4 31. exf4 Qf6 32. Re5 Rd7 33. h4 Qd8 34. f5 f6
35. Re6 Re7 36. Rxe7+ Qxe7 37. fxg6 Nc3 38. h5 Ne4 39. Qf5 Ng5 40. Rh1 Kh6 41.
Qf4 Qd8 42. Re1 Qd7 43. Bf5 Qd8 44. Qd6 Qxd6 45. cxd6 Rd8 46. Re7 Rxd6 47. Rxb7
Rd8 48. Rb6 Ne4 49. Rxc6 Nd6 50. Rc7 Kg5 51. Be6 Nb5 52. Rc8 Rxc8 53. Bxc8 Kh6
54. Bxa6 Nxd4 55. Bb7 Nb5 56. Bxd5 1-0

[Event "Cracovia 2010"]
[Site "Krakow"]
[Date "2011.01.02"]
[Round "6.4"]
[White "Mikrut, Dariusz"]
[Black "Jakubiec, Artur"]
[Result "0-1"]
[WhiteElo "2372"]
[BlackElo "2547"]
[PlyCount "102"]
[EventDate "2011.??.??"]

1. e4 e6 2. d4 d5 3. Nc3 Bb4 4. e5 c5 5. a3 Bxc3+ 6. bxc3 Qa5 7. Bd2 Qa4 8. Qb1
c4 9. h4 Nc6 10. h5 h6 11. Rh3 Nge7 12. f4 Bd7 13. Be2 O-O-O 14. Bg4 Rdf8 15.
Ne2 Rhg8 16. Kf2 f6 17. Kg1 Rf7 18. Qb2 b6 19. Re1 Rff8 20. Ng3 Kb7 21. Ne2 Re8
22. Rf1 Rgf8 23. Rhf3 f5 24. Bh3 Rc8 25. g4 fxg4 26. Bxg4 Nf5 27. Bxf5 Rxf5 28.
Ng3 Ne7 29. Nxf5 Nxf5 30. Kf2 Be8 31. Rh3 Bf7 32. Rg1 Rg8 33. Rh2 Qe8 34. a4 a5
35. Rb1 Qc6 36. Qa3 Be8 37. Ra1 Ka7 38. Be1 Qc7 39. Rb1 Bc6 40. Bd2 Qd7 41. Ra1
Qe8 42. Rhh1 g6 43. Rab1 gxh5 44. Qb2 Qd8 45. Rxh5 Be8 46. Rh3 Bxa4 47. Bc1 Be8
48. Qa2 Qc7 49. Qb2 h5 50. Bd2 h4 51. Rbh1 Qg7 0-1

[Event "Cracovia 2010"]
[Site "Krakow"]
[Date "2011.01.02"]
[Round "6.5"]
[White "Tazbir, Marcin"]
[Black "Hartikainen, Markku"]
[Result "1-0"]
[WhiteElo "2527"]
[BlackElo "2314"]
[PlyCount "47"]
[EventDate "2011.??.??"]

1. e4 c5 2. Nf3 d6 3. d4 cxd4 4. Nxd4 Nf6 5. Nc3 g6 6. Be3 Bg7 7. f3 Nc6 8. Qd2
O-O 9. Bc4 Bd7 10. O-O-O Rc8 11. Bb3 Ne5 12. Kb1 Re8 13. Rhe1 a6 14. f4 Rxc3
15. Qxc3 Nxe4 16. Qb4 a5 17. Qxb7 Nc5 18. Qa7 Ng4 19. Bg1 a4 20. Bc4 Qc8 21.
Bb5 Bxb5 22. Nxb5 Qc6 23. Bxc5 Bxb2 24. Qb6 1-0

[Event "Cracovia 2010"]
[Site "Krakow"]
[Date "2011.01.02"]
[Round "6.6"]
[White "Strzemiecki, Zbigniew"]
[Black "Miron, Lucian-Costin"]
[Result "1/2-1/2"]
[WhiteElo "2367"]
[BlackElo "2496"]
[PlyCount "91"]
[EventDate "2011.??.??"]

1. e4 e5 2. Nf3 Nc6 3. Bb5 a6 4. Bxc6 dxc6 5. O-O f6 6. d4 Bg4 7. dxe5 Qxd1 8.
Rxd1 fxe5 9. Rd3 Bd6 10. Nbd2 b5 11. b3 Ne7 12. Bb2 Ng6 13. g3 O-O 14. Kg2 Rf6
15. Ng1 Raf8 16. f4 exf4 17. Bxf6 gxf6 18. Ngf3 Re8 19. Re1 Kf7 20. c4 Rg8 21.
e5 Nxe5 22. Nxe5+ Bxe5 23. Ne4 Be6 24. Nc5 bxc4 25. bxc4 Bxc4 26. Rd7+ Kg6 27.
Nd3 Bd6 28. Nxf4+ Kh6 29. Rc1 Bxa2 30. Rxc6 Ra8 31. h4 Bb3 32. g4 Ba4 33. Rdxd6
cxd6 34. Rxd6 Kg7 35. Nh5+ Kf7 36. Rxf6+ Ke7 37. Rb6 Bc2 38. Nf6 a5 39. Nxh7 a4
40. Nf6 Kf7 41. Rb2 Bb3 42. Nd7 Bd5+ 43. Kg3 a3 44. Rf2+ Kg7 45. Nb6 a2 46.
Rxa2 1/2-1/2

[Event "Cracovia 2010"]
[Site "Krakow"]
[Date "2011.01.02"]
[Round "6.7"]
[White "Jasny, Stanislav"]
[Black "Bulski, Krzysztof"]
[Result "0-1"]
[WhiteElo "2351"]
[BlackElo "2470"]
[PlyCount "94"]
[EventDate "2011.??.??"]

1. e4 c5 2. Nf3 d6 3. d4 cxd4 4. Nxd4 Nf6 5. Nc3 a6 6. Be3 e5 7. Nb3 Be7 8. Qd2
O-O 9. O-O-O a5 10. Bb5 a4 11. Bxa4 Nxe4 12. Nxe4 Rxa4 13. Nxd6 Rxa2 14. Kb1
Ra6 15. Nxc8 Qxc8 16. Qe2 Qc6 17. Qf3 Qa4 18. Qxb7 Nc6 19. Rd7 Bb4 20. c3 Rfa8
21. Rxf7 Bf8 22. Rxf8+ Rxf8 23. Nc5 Qa2+ 24. Kc1 Qa1+ 25. Kc2 Qxh1 26. Qxa6
Qxg2 27. Qc4+ Kh8 28. b4 Ne7 29. Qe4 Qxh2 30. Ne6 Rf6 31. Qa8+ Ng8 32. Qd5 Qh5
33. Nc5 Rf8 34. Ne4 Ne7 35. Qd6 Re8 36. Ng3 Qf7 37. Qd7 Qa2+ 38. Kd3 Qa8 39.
Kc2 Qa2+ 40. Kd3 Qg8 41. Kc2 Nd5 42. Nf5 Rd8 43. Qa7 Nxb4+ 44. cxb4 Qc4+ 45.
Kb2 Qxb4+ 46. Ka2 Qc4+ 47. Kb2 Qe2+ 0-1

[Event "Cracovia 2010"]
[Site "Krakow"]
[Date "2011.01.02"]
[Round "6.8"]
[White "Krzyzanowski, Marcin"]
[Black "Brodowski, Piotr"]
[Result "0-1"]
[WhiteElo "2342"]
[BlackElo "2417"]
[PlyCount "106"]
[EventDate "2011.??.??"]

1. e4 g6 2. d4 Bg7 3. Nf3 c5 4. dxc5 Qa5+ 5. Nc3 Nc6 6. Bd2 Qxc5 7. Be2 Nf6 8.
O-O O-O 9. h3 Qb6 10. Rb1 d6 11. b4 Be6 12. Be3 Qd8 13. Ng5 Bd7 14. Nd5 Rc8 15.
c4 b6 16. f4 e5 17. b5 Nd4 18. Bxd4 exd4 19. Qxd4 h6 20. Nf3 Nxd5 21. Qxd5 Be6
22. Qd2 Bxc4 23. Rbc1 Bxe2 24. Qxe2 Qf6 25. Qd2 Qe6 26. Qd5 Qxd5 27. exd5 Bc3
28. Rfd1 Rc5 29. Kf1 Re8 30. Rd3 Bb4 31. Rdd1 Re4 32. Kf2 Rxf4 33. Ke3 Rfc4 34.
Rxc4 Rxc4 35. Rb1 Bc5+ 36. Kd3 Ra4 37. Rb2 f5 38. Re2 Kf7 39. h4 Ra3+ 40. Kc4
Re3 41. Rxe3 Bxe3 42. a4 Kf6 43. Ne1 g5 44. hxg5+ hxg5 45. Nd3 f4 46. Nb4 Ke5
47. Nc6+ Ke4 48. Nxa7 g4 49. Nc8 Bc5 50. a5 f3 51. gxf3+ gxf3 52. axb6 f2 53.
Nxd6+ Bxd6 0-1

[Event "Cracovia 2010"]
[Site "Krakow"]
[Date "2011.01.02"]
[Round "6.9"]
[White "Dragun, Kamil"]
[Black "Klim, Kamil"]
[Result "1-0"]
[WhiteElo "2407"]
[BlackElo "2302"]
[PlyCount "85"]
[EventDate "2011.??.??"]

1. e4 e5 2. Nf3 Nc6 3. Bb5 a6 4. Ba4 Nf6 5. O-O Be7 6. Re1 b5 7. Bb3 d6 8. c3
O-O 9. h3 a5 10. d4 a4 11. Bc2 Bd7 12. Nbd2 Re8 13. Nf1 Bf8 14. Bg5 h6 15. Bh4
g6 16. dxe5 Nxe5 17. Nxe5 Rxe5 18. f4 Rh5 19. Bf2 a3 20. b4 Qc8 21. Qf3 Bxh3
22. gxh3 Rxh3 23. Qg2 Nh5 24. Be3 Rh4 25. f5 Bg7 26. Bd2 Nf4 27. Bxf4 Rxf4 28.
Re3 g5 29. Rf3 Rxf3 30. Qxf3 Be5 31. Bb3 Qf8 32. Ne3 Qg7 33. Nd5 g4 34. Qe3 Kf8
35. Kg2 c6 36. f6 Qh8 37. Ne7 h5 38. Nxc6 Bxf6 39. Qf4 Rc8 40. Qxd6+ Kg8 41.
Rf1 Qh7 42. Bd5 h4 43. Qxf6 1-0

[Event "Cracovia 2010"]
[Site "Krakow"]
[Date "2011.01.02"]
[Round "6.10"]
[White "Lach, Aleksandra"]
[Black "Bobula, Mateusz"]
[Result "1/2-1/2"]
[WhiteElo "2206"]
[BlackElo "2393"]
[PlyCount "138"]
[EventDate "2011.??.??"]

1. e4 e6 2. d4 d5 3. Nd2 c5 4. exd5 exd5 5. Ngf3 Nf6 6. Bb5+ Bd7 7. Bxd7+ Nbxd7
8. O-O Be7 9. Re1 O-O 10. Nf1 Re8 11. dxc5 Nxc5 12. Be3 Rc8 13. c3 a5 14. Bd4
Ne6 15. Qb3 Nxd4 16. Nxd4 Qd7 17. Ne3 a4 18. Qc2 a3 19. bxa3 Bxa3 20. Qb3 Bc5
21. Red1 Re5 22. Rab1 b6 23. Rd3 Ng4 24. Nec2 Rg5 25. Rbd1 Qd6 26. g3 Rh5 27.
Ne3 Nxe3 28. Rxe3 Qh6 29. h4 Qg6 30. Rf3 Re8 31. Qa4 Rhe5 32. Kg2 h6 33. Qd7
Rf8 34. a4 Qe4 35. Nc6 Re6 36. Nd4 Rf6 37. Rdd3 Bxd4 38. cxd4 Rxf3 39. Rxf3
Qxd4 40. Rf5 Qe4+ 41. Kh2 Qd4 42. Kg2 Qe4+ 43. Kh2 Qc2 44. Rf4 Qb3 45. Kg2 f5
46. Rd4 Ra8 47. Qxf5 Rxa4 48. Qe6+ Kh7 49. Qf5+ Kg8 50. Rxd5 Ra8 51. Rb5 Qf7
52. Qxf7+ Kxf7 53. Rxb6 h5 54. Rb4 Ra3 55. Rf4+ Kg6 56. Rb4 Kf6 57. Rf4+ Kg6
58. f3 Ra2+ 59. Kh3 Ra3 60. g4 hxg4+ 61. Kxg4 Ra5 62. Rb4 Ra6 63. f4 Kf6 64. h5
Rc6 65. Rb5 Rc1 66. Rb6+ Kf7 67. Kg5 Rc5+ 68. f5 Rc1 69. Rb7+ Kg8 1/2-1/2

[Event "Cracovia 2010"]
[Site "Krakow"]
[Date "2011.01.02"]
[Round "6.11"]
[White "Martynov, Pavel"]
[Black "Aliavdin, Nikolai"]
[Result "0-1"]
[WhiteElo "2183"]
[BlackElo "2377"]
[PlyCount "64"]
[EventDate "2011.??.??"]

1. e4 c5 2. Nf3 d6 3. d4 cxd4 4. Nxd4 Nf6 5. Nc3 a6 6. Be2 Nbd7 7. O-O g6 8. f4
Bg7 9. Be3 O-O 10. Bf3 Re8 11. Nb3 Qc7 12. a4 Nb6 13. Nd2 e5 14. g3 exf4 15.
gxf4 Nbd5 16. Nxd5 Nxd5 17. exd5 Rxe3 18. c3 Bh3 19. Re1 Qb6 20. Kh1 Rae8 21.
Rg1 Qxb2 22. Nc4 Qxc3 23. Rc1 Qxc1 24. Qxc1 Rxf3 25. Qd2 Bc3 26. Qd1 Rxf4 27.
Nxd6 Re3 28. Nxb7 Rf2 29. d6 Ree2 30. Rg3 Bg2+ 31. Kg1 Bd4 32. Re3 Bxe3 0-1